Business management : a value chain approach/ (Record no. 248486)

MARC details
000 -LEADER
fixed length control field 00650nam a2200193 b 4500
003 - CONTROL NUMBER IDENTIFIER
control field 3228
005 - DATE AND TIME OF LATEST TRANSACTION
control field 20260119094254.0
008 - FIXED-LENGTH DATA ELEMENTS--GENERAL INFORMATION
fixed length control field 210817s9999 xx 000 0 und d
020 ## - INTERNATIONAL STANDARD BOOK NUMBER
International Standard Book Number 9780627025051
Terms of availability Paperback (pbk)
040 ## - CATALOGING SOURCE
Original cataloging agency MPL
Language of cataloging E
Transcribing agency 3228
082 ## - DEWEY DECIMAL CLASSIFICATION NUMBER
Classification number ST 658.1552 BUSI
100 ## - MAIN ENTRY--PERSONAL NAME
Personal name Nieman, Gideon (editor)
9 (RLIN) 198315
245 #0 - TITLE STATEMENT
Title Business management : a value chain approach/
Statement of responsibility, etc. Gideon Nieman and Alf Bennett (editors)
260 ## - PUBLICATION, DISTRIBUTION, ETC.
Place of publication, distribution, etc. Pretoria:
Name of publisher, distributor, etc. van Schaik;
Date of publication, distribution, etc. 2002.
300 ## - PHYSICAL DESCRIPTION
Extent xxii; 457 pages.:
Other physical details illustrations;
Dimensions 25 cm.
650 ## - SUBJECT ADDED ENTRY--TOPICAL TERM
Form subdivision Business management
General subdivision Industrial management
650 ## - SUBJECT ADDED ENTRY--TOPICAL TERM
Form subdivision Entrepreneurship
General subdivision Management
942 ## - ADDED ENTRY ELEMENTS
item type Book
Source of classification or shelving scheme Dewey Decimal Classification
-- 367
-- Ellen Msibi
Holdings
Withdrawn status Lost status Damaged status Not for loan Home library Current library Date acquired Cost, normal purchase price Total Checkouts Barcode Date last seen Price effective from item type
        Secunda Secunda 18.08.2021 288.00   33228018957025 18.08.2021 18.08.2021 Books